000
00275nam a22001097a 4500
041
_a
eng
080
_a
80
100
_a
Резвецова, М. Д.
245
_a
Практикум по сравнит. типол. англ. и рус. яз..
650
_a
EFL
999
_c
280479
_d
280479
942
_c
BK